| 000 | 00843nam a22002297a 4500 | ||
|---|---|---|---|
| 999 |
_c10431 _d10431 |
||
| 003 | AR-CdUCM | ||
| 008 | 190401b ||||| |||| 00| 0 esa d | ||
| 040 |
_aMUNICIPALIDAD PROVINCIAL DEL CUSCO _cBIBLIOTECA MUNICIPAL DEL CUSCO |
||
| 041 | _hpo | ||
| 082 |
_26ed _aEP / 800 / _bL75 |
||
| 100 |
_aLobato, Monteiro _927161 |
||
| 245 | _aMemorias de Emilia / | ||
| 260 |
_aBuenos Aires : _bEditorial Losada, _c1957. |
||
| 300 |
_a152 páginas ; _bIlustraciones, _c19 cm. |
||
| 505 | _aContenido: Emilia resuelve escribir sus memorias -- El vizconde comienza a trabajar para Emilia -- La historia del angelito se extiende por todo el mundo... | ||
| 650 |
_aCuentos populares _93184 |
||
| 650 |
_aLiteratura escolar _926679 |
||
| 650 |
_aMemorias _9235 |
||
| 700 |
_aSosa, J. M. de (traducción) _927284 |
||
| 942 |
_2ddc _cLIBROS |
||
| 945 | _adavv | ||